<?xml version="1.0" encoding="UTF-8"?>
<record
    xmlns:xsi="http://www.w3.org/2001/XMLSchema-instance"
    xsi:schemaLocation="http://www.loc.gov/MARC21/slim http://www.loc.gov/standards/marcxml/schema/MARC21slim.xsd"
    xmlns="http://www.loc.gov/MARC21/slim">

  <leader>01185nam0a22002771  4500</leader>
  <controlfield tag="001">rc\4213399</controlfield>
  <controlfield tag="005">20260406104723.0</controlfield>
  <datafield tag="021" ind1=" " ind2=" ">
    <subfield code="a">RU</subfield>
    <subfield code="b">[53-35848]</subfield>
  </datafield>
  <datafield tag="035" ind1=" " ind2=" ">
    <subfield code="a">(NLR Aleph) 008210420</subfield>
  </datafield>
  <datafield tag="090" ind1=" " ind2=" ">
    <subfield code="a">8093245</subfield>
    <subfield code="c">8093245</subfield>
  </datafield>
  <datafield tag="100" ind1=" " ind2=" ">
    <subfield code="a">20130415d1953    |||y0rusy50      ca</subfield>
  </datafield>
  <datafield tag="101" ind1="0" ind2=" ">
    <subfield code="a">rus</subfield>
  </datafield>
  <datafield tag="102" ind1=" " ind2=" ">
    <subfield code="a">RU</subfield>
  </datafield>
  <datafield tag="105" ind1=" " ind2=" ">
    <subfield code="a">a   z   |||||</subfield>
  </datafield>
  <datafield tag="200" ind1="1" ind2=" ">
    <subfield code="a">&#x424;&#x443;&#x440;&#x430;&#x446;&#x438;&#x43B;&#x438;&#x43D; &#x438; &#x43E;&#x43F;&#x44B;&#x442; &#x435;&#x433;&#x43E; &#x43F;&#x440;&#x438;&#x43C;&#x435;&#x43D;&#x435;&#x43D;&#x438;&#x44F;</subfield>
    <subfield code="e">[&#x421;&#x431;&#x43E;&#x440;&#x43D;&#x438;&#x43A; &#x441;&#x442;&#x430;&#x442;&#x435;&#x439;</subfield>
    <subfield code="f">&#x420;&#x435;&#x434;. &#x43A;&#x43E;&#x43B;&#x43B;&#x435;&#x433;&#x438;&#x44F;: &#x434;&#x435;&#x439;&#x441;&#x442;&#x432;. &#x447;&#x43B;. &#x410;&#x41D; &#x41B;&#x430;&#x442;&#x432;. &#x421;&#x421;&#x420; &#x43F;&#x440;&#x43E;&#x444;. &#x434;.-&#x440;. &#x410;.&#x418;. &#x41A;&#x430;&#x43B;&#x43D;&#x438;&#x43D;&#x44C;&#x448; &#x438; &#x434;&#x440;.]</subfield>
    <subfield code="g">&#x410;&#x43A;&#x430;&#x434;. &#x43D;&#x430;&#x443;&#x43A; &#x41B;&#x430;&#x442;&#x432;. &#x421;&#x421;&#x420;</subfield>
  </datafield>
  <datafield tag="210" ind1=" " ind2=" ">
    <subfield code="a">&#x420;&#x438;&#x433;&#x430;</subfield>
    <subfield code="c">&#x418;&#x437;&#x434;-&#x432;&#x43E; &#x410;&#x43A;&#x430;&#x434;. &#x43D;&#x430;&#x443;&#x43A; &#x41B;&#x430;&#x442;&#x432;. &#x421;&#x421;&#x420;</subfield>
    <subfield code="d">1953</subfield>
  </datafield>
  <datafield tag="215" ind1=" " ind2=" ">
    <subfield code="a">312 &#x441;., 1 &#x43B;. &#x442;&#x430;&#x431;&#x43B;.</subfield>
    <subfield code="c">&#x438;&#x43B;.</subfield>
    <subfield code="d">23</subfield>
  </datafield>
  <datafield tag="320" ind1=" " ind2=" ">
    <subfield code="a">&#x41B;&#x438;&#x442;&#x435;&#x440;&#x430;&#x442;&#x443;&#x440;&#x430; &#x43E; &#x43D;&#x438;&#x442;&#x440;&#x43E;&#x444;&#x443;&#x440;&#x430;&#x43D;&#x430;&#x445;: &#x441;. 307-309 (66 &#x43D;&#x430;&#x437;&#x432;.) &#x438; &#x431;&#x438;&#x431;&#x43B;&#x438;&#x43E;&#x433;&#x440;. &#x432; &#x43A;&#x43E;&#x43D;&#x446;&#x435; &#x441;&#x442;&#x430;&#x442;&#x435;&#x439;</subfield>
  </datafield>
  <datafield tag="606" ind1=" " ind2=" ">
    <subfield code="a">&#x424;&#x443;&#x440;&#x430;&#x446;&#x438;&#x43B;&#x438;&#x43D;</subfield>
    <subfield code="j">&#x421;&#x431;&#x43E;&#x440;&#x43D;&#x438;&#x43A;&#x438;</subfield>
    <subfield code="2">psbo</subfield>
  </datafield>
  <datafield tag="702" ind1=" " ind2="1">
    <subfield code="a">&#x41A;&#x430;&#x43B;&#x43D;&#x438;&#x43D;&#x44C;&#x448;</subfield>
    <subfield code="b">&#x410;.&#x42F;.</subfield>
    <subfield code="g">&#x410;&#x440;&#x43E;&#x43D;&#x434; &#x42F;&#x43D;&#x43E;&#x432;&#x438;&#x447;</subfield>
    <subfield code="4">340</subfield>
  </datafield>
  <datafield tag="712" ind1="0" ind2="2">
    <subfield code="a">&#x410;&#x41D; &#x41B;&#x430;&#x442;&#x432;&#x421;&#x421;&#x420;</subfield>
    <subfield code="c">&#x420;&#x438;&#x433;&#x430;</subfield>
    <subfield code="3">RU\NLR\AUTH\883473</subfield>
    <subfield code="9">278233</subfield>
  </datafield>
  <datafield tag="801" ind1=" " ind2="0">
    <subfield code="a">RU</subfield>
    <subfield code="b">NLR</subfield>
    <subfield code="g">psbo</subfield>
  </datafield>
  <datafield tag="801" ind1=" " ind2="1">
    <subfield code="a">RU</subfield>
    <subfield code="b">ELAR</subfield>
    <subfield code="2">rusmarc</subfield>
  </datafield>
  <datafield tag="852" ind1=" " ind2=" ">
    <subfield code="a">NLR</subfield>
    <subfield code="j">&#x41C;&#x434;16 &#x413;-5/54</subfield>
  </datafield>
  <datafield tag="942" ind1=" " ind2=" ">
    <subfield code="c">BOOK</subfield>
  </datafield>
  <datafield tag="980" ind1=" " ind2=" ">
    <subfield code="a">NB</subfield>
  </datafield>
  <datafield tag="995" ind1=" " ind2=" ">
    <subfield code="5">2013-10-26</subfield>
    <subfield code="b">NLR02</subfield>
    <subfield code="c">NLR02</subfield>
    <subfield code="e">RFS</subfield>
    <subfield code="f">8210420-10</subfield>
    <subfield code="k">&#x41C;&#x434;16 &#x413;-5/54</subfield>
    <subfield code="o">0</subfield>
    <subfield code="r">BOOK</subfield>
    <subfield code="s">16_554</subfield>
  </datafield>
</record>
